| 000 | 00852nam a2200217 i 4500 | ||
|---|---|---|---|
| 001 | bg | ||
| 245 | 7 | 0 |
_aEurope's environment : _bthe Dobříš Assessment / _ced. by David Stanners and Philippe Bourdeau. |
| 260 |
_aCopenhagen : _bEuropean Environment Agency, _c1995. |
||
| 300 |
_a676 s. : _bfot., mapy, rys., wykr. kolor. ; _c30 cm. |
||
| 500 | _aThe report on the state of the pan-European environment requested by the environment ministers for the whole of Europe at the ministerial conference held at Dobříš Castle, Czechoslovakia, June 1991. | ||
| 650 | 9 |
_aŚrodowisko człowieka _zEuropa |
|
| 700 | 1 |
_aSTANNERS, David. _eRed. |
|
| 700 | 1 |
_aBOURDEAU, Philipe. _eRed. |
|
| 020 | _a9282654095 | ||
| 040 | _cBPK | ||
| 041 | 0 | _aen | |
| 080 | _a504(4) | ||
| 920 | _a92-826-5409-5 | ||
| 942 | _cKS | ||
| 008 | s pl f |000 0 pol | ||
| 999 |
_c30806 _d30806 |
||